Viage de España (Record no. 162441)
[ view plain ]
| 000 -LEADER | |
|---|---|
| campo de control de longitud fija | 01080nam a2200241 i 4500 |
| 001 - NÚMERO DE CONTROL | |
| campo de control | 162441 |
| 003 - IDENTIFICADOR DE NÚMERO DE CONTROL | |
| campo de control | ES-MaACL |
| 005 - FECHA Y HORA DE LA ÚLTIMA TRANSACCIÓN | |
| campo de control | 20250811063159.0 |
| 008 - DATOS DE LONGITUD FIJA--INFORMACIÓN GENERAL | |
| campo de control de longitud fija | 931025s1787 sp ax |||| | spa d |
| 040 ## - FUENTE DE CATALOGACIÓN | |
| Centro catalogador/agencia de origen | CAM |
| Lengua de catalogación | spa |
| Centro/agencia transcriptor | PAB |
| 100 1# - ENTRADA PRINCIPAL--NOMBRE DE PERSONA | |
| Nombre de persona | Ponz, Antonio, |
| Fechas asociadas al nombre | 1725-1792 |
| 9 (RLIN) | 93069 |
| 245 10 - MENCIÓN DEL TÍTULO | |
| Título | Viage de España |
| Resto del título | : en que se da noticia de las cosas mas apreciables ... / |
| Mención de responsabilidad, etc. | su autor D. Antonio Ponz ... ; tomo primero. |
| 250 ## - MENCION DE EDICION | |
| Mención de edición | Tercera edición corregida y aumentada. |
| 260 ## - PUBLICACIÓN, DISTRIBUCIÓN, ETC. | |
| Lugar de publicación, distribución, etc. | Madrid : |
| Nombre del editor, distribuidor, etc. | por la viuda de Ibarra hijos y compañía : |
| -- | se hallará ... en su imprenta, |
| Fecha de publicación, distribución, etc. | 1787. |
| 300 ## - DESCRIPCIÓN FÍSICA | |
| Extensión | [8], 408 p., [3] h. de grab., [1] h. de map. pleg., [4] h. de grab. pleg. ; |
| Dimensiones | 16 cm. |
| 596 ## - NOTA AL PIE DE IMPRENTA | |
| NOTA AL PIE DE IMPRENTA | Marca tip. en port. |
| 597 ## - NOTA DE DESCRIPCIÓN FÍSICA | |
| NOTA DE DESCRIPCIÓN FÍSICA | Sign.: a4, A-Z8, 2A-2B8, 2C4. |
| 599 ## - NOTA A LAS ILUSTRACIONES | |
| NOTA A LAS ILUSTRACIONES | Las h. de grab., esculturas y monumentos de España, algunas pleg. |
| 599 ## - NOTA A LAS ILUSTRACIONES | |
| NOTA A LAS ILUSTRACIONES | La h. de map. pleg., Toledo. |
| 651 #4 - PUNTO DE ACCESO ADICIONAL DE MATERIA--NOMBRE GEOGRÁFICO | |
| Nombre geográfico | Toledo (Provincia)- |
| Subdivisión general | Descripción. |
| 9 (RLIN) | 169481 |
| 852 ## - LOCALIZACIÓN | |
| Ubicación | ES-MaACL |
| Número de control de estantería | R-468-85 |
| Nota libre | -- Enc. piel, no original de la época |
| Encuadernación | Olim: F-12859-76 |
| Estatus retirado | Estado de pérdida | Estado de daño | No para préstamo | Colección | Biblioteca de origen | Biblioteca actual | Ubicación en estantería | Fecha de adquisición | Total de préstamos | Signatura topográfica completa | Código de barras | Visto por última vez | Precio de reemplazo | Tipo de ítem Koha |
|---|---|---|---|---|---|---|---|---|---|---|---|---|---|---|
| Libros del s. XVIII | Biblioteca del Ateneo de Madrid | Biblioteca del Ateneo de Madrid | Depósito | 17/01/2008 | R-468-85 | 1170178 | 23/02/2023 | 23/02/2023 | Libro impreso antiguo |
